000 02249cam a22004694i 4500
003 PE-LiUPU
005 20250731184518.0
008 150616s r 000 0 d
035 _a(Sirsi) a1853
040 _aPE-LiUPU
_bspa
_cPE-LiUPU
_erda
049 _aPRUA
082 0 4 _a930.1974
_bG335i
_221
100 1 _aGenovés Tarazaga, Santiago,
_d1923-,
_eautor.
_95495
245 1 0 _aIntroducción al diagnóstico de la edad y del sexo en restos óseos prehistóricos /
_cSantiago Genovés Tarazona.
264 1 _aMéxico :
_bUniversidad Nacional Autónoma de México,
_c1962.
300 _a137 páginas :
_bilustraciones, láms., tablas, diagrs. ;
_c22 cm
336 _atext
_2rdacontent
337 _aunmediated
_2rdamedia
338 _avolume
_2rdacarrier
490 0 _aPublicaciones del Instituto de Historia ;
_v75
505 0 _aDemografía y mortalidad -- Probabilidades de vida de hombres prehitóricos -- Mortalidad de subadultos -- El sexo y la edad -- Determinación de la edad a partir de restos óseos -- Erupción dental -- Dentición de leche -- Dentición permanente -- Tercer molar -- Atrición dental -- Otros métodos -- Sinostosis de huesos entre sí -- Unión de las epífisis de los huesos, principalmente de largos -- Ciertas transformaciones que verifican el la superficie articular de la síntesis pública -- Alteraciones de apreciación morfoscópica en los huesos -- La proporción sexual -- Diformismo sexual en restos prehistóricos -- La determinación sexual en sí -- Pelvis -- La pelvis prepuberal -- La pelvis adulta como unidad -- Hueso coxal -- Cráneo y cara en conjunto.
526 _aP136
526 _aP135
526 _aP134
526 _aP133
526 _aP144
526 _aP143
526 _aP87
526 _aP35
526 _aP20
526 _aP14
526 _aP10
526 _aP06
650 1 4 _aAntropología física.
_95496
650 2 4 _aRestos humanos prehistóricos.
_95497
650 2 4 _aDiagnóstico osteológico.
_95498
650 2 4 _aEdad
_xDeterminación osteológica.
_95499
650 2 4 _aSexo
_xDeterminación osteológica.
_95500
942 _2ddc
_cBK
999 _c18231
_d18231
980 _81
_gALBERTO SANCHEZ Responsable de Automatización